01142nam a2200193Ia 4500001001100000003001000011008004100021040002500062041001300087100001200100245004000112250001100152260008600163300002800249500026200277501011400539520026200653650003300915L238-10931IT-CnALBA170116s9999||||xx |||||||||||||| ||und|| aIT-CnALBAcIT-CnALBA aITALIANO aAA. VV. 0aCATECHISMO DELLA CHIESA CATTOLICA.  a1a ed. a ROMAbLIBRERIA EDITRICE VATICANA c1992 [1° Ed.:1992 - Ed.Ling.Originale: 1992] a788 p. (prefazione: 17) aCOSTITUZIONE APOSTOLICA FIDEI DEPOSITUM. INDICE BIBLICO. RIFERIMENTI AI DOCUMENTI CONCILIARI. INDICE TEMATICO. CREDO. RIVELAZIONE DI DIO. PROFESSIONE DI FEDE. PADRE, GESÙ CRISTO, SPIRITO SANTO. CHIESA CATTOLICA. MARIA MADRE DELLA CHIESA. COMUNIONE DEI SAN aSocietà San Paolo EM - Piazza San Paolo, 14 - 12051 ALBA (CN) (non commercial uses only) ® Copyright 2017 aCOSTITUZIONE APOSTOLICA FIDEI DEPOSITUM. INDICE BIBLICO. RIFERIMENTI AI DOCUMENTI CONCILIARI. INDICE TEMATICO. CREDO. RIVELAZIONE DI DIO. PROFESSIONE DI FEDE. PADRE, GESÙ CRISTO, SPIRITO SANTO. CHIESA CATTOLICA. MARIA MADRE DELLA CHIESA. COMUNIONE DEI SAN aSIMBOLI DI FEDE - CATECHISMI